02553agaaa2200325 45000010005000000030009000050050017000140070009000310080040000400400023000800410014001031000047001171300068001642400039002322450306002712460032005772500022006092600103006313000034007345080214007685110009009825200896009915380016018875460014019036500063019177000053019807000067020337000068021007000059021680456IT-RoPAU20220918181224.0d cvaizq50131s9999||||xx ||| | || ||und|| aIT-RoPAUcIT-RoPAU aITALIANO  aKantor FrantzgCodice regista SPICS: 60178 aTORRE DI BABELE E IL VIAGGIO DI ABRAMO (IL) - SODOMA E GOMORRA  aANIMATED KID'S BIBLE (THE) gT3874 aTORRE DI BABELE E IL VIAGGIO DI ABRAMO (IL) - SODOMA E GOMORRA cProdotto da: Broadbrige Tom -- Sceneggiatura: Capamagian Brian Broadbrige Nigel T. Cronin C.J. Hunnam M. -- Diretto da: Kantor FrantzpTORRE DI BABELE E IL VIAGGIO DI ABRAMO (IL) - SODOMA E GOMORRA (Rif. Codice opera principale : K0456) aANIMATED KID'S BIBLE (THE)  aEdizione Standard a(USA)bN.d. / Distribuzione: MULTIMEDIA SAN PAOLOg"2005 (1° ed.: 2010 ; Ed. Lingua Orig.: 2005)" aDVDbsonoro, col.c105 minuti a"Montaggio: Ford G. Jennings P. ; Musica: Ball Marty; Sceneggiatura: Capamagian Brian Broadbrige Nigel T. Cronin C.J. Hunnam M. ; Scenografia: Kantor Frantz ; Soggetto: Broadbrige Nigel T. -- Capamagian Brian" a"; " aSECONDO DVD DELLA SERIE LE AVVENTURE DELLA BIBBIA DA ADAMO A GESU'. LA BIBBIA ANIMATA IN 3D. MOLTO TEMPO DOPO IL DILUVIO LA DISCENDENZA DI NOE' SI DIFFONDE. LE NUOVE POPOLAZIONI DIVENUTI POTENTI E ARROGANTI SFIDANO DIO COSTRUENDO UN'IMMENSA TORRE PER RAGGIUNGERE IL CIELO. DIO, PER PUNIRLI, FA SI CHE OGNUNO DI LORO PARLI UNA LINGUA SCONOSCIUTA, E' IL CAOS TOTALE ED E' COSI' CHE LA TORRE DI BABELE VIENE ABBANDONATA. SECOLI DOPO DIO ORDINA AD ABRAMO DI LASCIARE LA SUA TERRA E PARTIRE VERSO UN PAESE DA LUI INDICATO. ABRAMO PARTE CON LA MOGLIE SARA E IL NIPOTE LOT. ABRAMO VIENE A CONOSCENZA CHE LOT E' STATO FATTO PRIGIONIERO DAI NEMICI DI SODOMA E GOMORRA E COSI' PARTE IN AIUTO DEL NIPOTE, SCONFIGGE I NEMICI E SALVA LOT E LA SUA FAMIGLIA. VISTO IL PROLIFERARSI DEI MALVAGI NELLE CITTA' DI SODOMA E GOMORRA, DIO DECIDE DI UCCIDERE TUTTI GLI ABITANTI CON UNA TERRIBILE TEMPESTA DI FUOCO.  aPAL, STEREO aITALIANO  aANIMAZIONE 3D eDVD-FILM [DVD]xCodice MATERIA SPICS: 9947 aBall Martye(musica)gCodice Musica SPICS: 60181 aBroadbrige Nigel T. e(soggetto)gCodice Soggetto SPICS: 60179 aCapamagian Brian e(soggetto)gCodice Soggetto 2° SPICS: 60180 aKantor Frantz e(regista)gCodice regista SPICS: 60178